Запасные части к тракторным 24-х рядным сеялкам Т-I, T-II, T-III, T-IV, T-V и T-VI завода сельскохозяйственных машин "Красная звезда" (Зиновьевск) (Запись № 6287339)

Подробности
000 -МАРКЕР
контрольное поле 01484nam0a22002771 4500
001 - ИДЕНТИФИКАТОР ЗАПИСИ
контрольное поле rc\2676974
005 - ИДЕНТИФИКАТОР ВЕРСИИ
контрольное поле 20260407030643.0
035 ## - ДРУГИЕ СИСТЕМНЫЕ НОМЕРА
Идентификатор записи (NLR Aleph) 006805406
100 ## - ДАННЫЕ ОБЩЕЙ ОБРАБОТКИ
Данные общей обработки 20110915d1932 |||y0rusy50 ca
101 0# - ЯЗЫК РЕСУРСА
Язык текста, звукозаписи и т.д. русский
102 ## - СТРАНА ПУБЛИКАЦИИ ИЛИ ПРОИЗВОДСТВА
Страна публикации Российская Федерация
105 ## - ПОЛЕ КОДИРОВАННЫХ ДАННЫХ: ТЕКСТОВЫЕ МАТЕРИАЛЫ, МОНОГРАФИЧЕСКИЕ
Кодированные данные о монографическом текстовом документе a z |||||
200 1# - ЗАГЛАВИЕ И СВЕДЕНИЯ ОБ ОТВЕТСТВЕННОСТИ
Основное заглавие Запасные части к тракторным 24-х рядным сеялкам Т-I, T-II, T-III, T-IV, T-V и T-VI завода сельскохозяйственных машин "Красная звезда" (Зиновьевск)
Первые сведения об ответственности ... НКТП. Укрсельмаш
210 ## - ПУБЛИКАЦИЯ, РАСПРОСТРАНЕНИЕ И ДР.
Место издания, распространения и т.д. Москва
Имя издателя, распространителя и т. д. НКТП СССР - Науч.-техн. изд-во по машиностроению, металлообработке и черной металлургии
Дата издания, распространения и т.д. 1932
Имя изготовителя тип. "Красный печатник"
215 ## - ФИЗИЧЕСКАЯ ХАРАКТЕРИСТИКА
Специфическое обозначение материала и объем Обл., 91 с., включ. тит. л.
Другие сведения о физической характеристике ил.
Размеры 23х15 см.
300 ## - ОБЩИЕ ПРИМЕЧАНИЯ
Текст примечания На обл. загл.: "Запасные части тракторных 24-рядных сеялок Т-I по Т-VI..."
512 0# - ЗАГЛАВИЕ ОБЛОЖКИ
Заглавие обложки "Запасные части тракторных 24-рядных сеялок Т-I по Т-VI..."
710 02 - НАИМЕНОВАНИЕ ОРГАНИЗАЦИИ - ПЕРВИЧНАЯ ОТВЕТСТВЕННОСТЬ
Начальный элемент ввода "Союзсельмаш", всесоюзное об-ние
Системный номер авторитетной/нормативной записи 522913
Идентификатор авторитетной/нормативной записи RU\NLR\AUTH\8810012543
712 02 - НАИМЕНОВАНИЕ ОРГАНИЗАЦИИ - ВТОРИЧНАЯ ОТВЕТСТВЕННОСТЬ
Начальный элемент ввода "Красная звезда", завод (Зиновьевск)
801 #0 - ИСТОЧНИК ЗАПИСИ
Страна Российская Федерация
Организация NLR
Правила каталогизации psbo
801 #1 - ИСТОЧНИК ЗАПИСИ
Страна Российская Федерация
Организация ELAR
Источник данных rusmarc
852 ## - МЕСТОНАХОЖДЕНИЕ И ШИФР ХРАНЕНИЯ
Идентификатор организации NLR
Шифр хранения (Call Number) 32-11/1176
942 ## - ДОПОЛНИТЕЛЬНЫЕ ЭЛЕМЕНТЫ ЗАПИСИ (АБИС)
Тип экземпляра АБИС Книга
980 ## - КОЛЛЕКЦИЯ
Название коллекции Национальная библиография
Экземпляры
Тип экземпляра Дата поступления Библиотека постоянного хранения Библиотека текущего хранения Место хранения Шифр хранения Штрих-код Статус экземпляра
Книга 26.10.2013 РНБ (Садовая) РНБ (Садовая) Русский книжный фонд -Главное здание, Ленинский читальный зал 32-11/1176 6805406-10